| 000 | 00538nam a22001697a 4500 | ||
|---|---|---|---|
| 005 | 20230119110448.0 | ||
| 008 | 190917b xxu||||| |||| 00| 0 eng d | ||
| 020 | _a978-93-87964-94-5 | ||
| 041 | _aeng | ||
| 100 |
_aGARG, KRISHNA . JOSHI, MEDHA AND KUNDU, SUDIPTA _95091 |
||
| 245 | _aANATOMY AND PHYSIOLOGY:THEORY AND PRACTICAL FOR DIPLOMA IN PHARMACY STUDENTS | ||
| 250 | _a1st Ed. , 2019 | ||
| 260 |
_aNEW DELHI _bCBS. PUBLISHERS AND DISTRIBUTORS PVT.LTD |
||
| 300 | _a286p, | ||
| 650 |
_aPHARMACY _xD.PHARMA _97090 |
||
| 942 | _cBK | ||
| 999 |
_c5999 _d5997 |
||